|
|
|
|
| LEADER |
01109nam a2200313 a 4500 |
| 001 |
000557380 |
| 003 |
CZ BrMZK |
| 005 |
20060203103722.0 |
| 007 |
ta |
| 008 |
000105s1991 xr cze d |
| 015 |
|
|
|a cnb000065770
|
| 035 |
|
|
|a (OCoLC)39597247
|
| 040 |
|
|
|a BOA001
|b cze
|
| 080 |
|
|
|a 681.3.7Paradox
|2 MRF
|
| 100 |
1 |
|
|a Havlíček, Zdeněk
|7 jn19981001443
|4 aut
|
| 245 |
1 |
0 |
|a Paradox :
|b příručka pro uživatele /
|c Zdeněk Havlíček
|
| 250 |
|
|
|a 1. vyd.
|
| 260 |
|
|
|a Praha :
|b Grada,
|c 1991
|
| 300 |
|
|
|a 150 s.
|
| 490 |
1 |
|
|a Nestůjte za dveřmi
|
| 504 |
|
|
|a Obsahuje bibliografii
|
| 830 |
|
0 |
|a Nestůjte za dveřmi (Grada)
|0 s
|
| 856 |
4 |
1 |
|u http://www.digitalniknihovna.cz/mzk/uuid/uuid:db1f14c0-a5bf-11e2-b6da-005056827e52
|y Digitalizovaný dokument
|x NDK
|
| 910 |
|
|
|a BOA001
|b 2-0973.284
|b TK-0250.647
|
| 920 |
|
|
|a 000166074
|
| 964 |
|
|
|a Paradox - příručky
|
| 990 |
|
|
|a BK
|
| 996 |
7 |
|
|b 2619346533
|c 2-0973.284
|l MZK
|r Sklad / do 1 hodiny
|n 0
|w 000557380
|u 000010
|a 1
|e BOA001
|j MZK50
|s A
|
| 996 |
7 |
|
|b 2629988133
|c TK-0250.647
|l MZK
|r Sklad / do 24 hodin
|n 0
|w 000557380
|u 000020
|a 1
|e BOA001
|j MZK50
|s A
|